000 01709cam a2200301 i 4500
001 18206548
003 EG-ScBUE
005 20230315123641.0
008 140630s2015 maua f bd 001 0 eng d
020 _a9781138021501 (pbk.)
040 _aDLC
_beng
_erda
_cDLC
_dDLC
_dEG-ScBUE
082 0 4 _a792.025
_222
_bMAL
100 1 _aMalloy, Kaoime E.,
_eauthor.
_938157
245 1 4 _aThe art of theatrical design :
_belements of visual compositions, methods, and practice /
_cKaoime E. Malloy.
264 1 _aBurlington ;
_aOxon :
_bFocal Press / Taylor & Francis Group,
_c2015.
300 _axxi, 320 pages :
_bcolor illustrations ;
_c28 cm
336 _2rdacontent
_atext
_btxt
337 _2rdamedia
_aunmediated
_bn
338 _2rdacarrier
_avolume
_bnc
500 _aIncludes glossary.
504 _aIncludes bibliographical references and index.
505 0 _aBeginnings. What is design? -- Content and context -- Genre -- Style -- Structure and format -- Elements of design. Line -- Shape/form/mass/space -- Value -- Color -- Texture -- Creating the illusion of depth on a flat surface -- Principles of design. Unity and variety -- Balance -- Repetition/pattern/rhythm -- Scale and proportion -- Emphasis and subordination -- Core principles for the theatrical designer. Collaboration -- Analysis -- Conceptualization -- The design process -- The role of the critique -- Drawing as our common language -- Rendering techniques -- Individual design areas. Costume design -- Scene design -- Lighting design -- Sound design -- Projection design.
650 7 _aTheaters
_xStage-setting and scenery.
_2BUEsh
651 _2BUEsh
653 _bCOMAME
_cJune2015
655 _vReading book
942 _2ddc
_cBB
999 _c19595
_d19567